| 000 | 01005cam a22002774a 4500 | ||
|---|---|---|---|
| 001 | 15184 | ||
| 003 | BD-RjUL | ||
| 005 | 20211208235751.0 | ||
| 008 | 140209r20072003enk b 001 0 eng | ||
| 020 | _a9780761971467 (pbk.) | ||
| 020 | _a9780761971474 | ||
| 035 |
_a(BD-RjUL)15238 _a(DLC) 2002115919 |
||
| 040 |
_aDLC _cDLC _dBD-RjUL _beng |
||
| 041 | _aeng | ||
| 082 | 0 | 0 |
_a657.072 _222 _bSMR 2007 |
| 100 | 1 |
_aSmith, Malcolm. _917571 |
|
| 245 | 1 | 0 |
_aResearch methods in accounting / _cMalcolm Smith. |
| 260 |
_aLondon ; _aThousand Oaks : _bSage Publications, _cc2003 [Reprinted 2007]. |
||
| 300 |
_axiv, 241 p. ; _c25 cm. |
||
| 504 | _aIncludes bibliographical references (p. [209]-229) and index. | ||
| 650 | 0 |
_aAccounting _xResearch _xMethodology. _947249 |
|
| 856 | 4 | 1 |
_3Table of contents only _uhttp://www.loc.gov/catdir/toc/fy038/2002115919.html |
| 856 | 4 | 2 |
_3Publisher description _uhttp://www.loc.gov/catdir/enhancements/fy0657/2002115919-d.html |
| 942 |
_2ddc _cBK |
||
| 999 |
_c15184 _d15184 |
||